Countries with frequently missing data - Statistics

General Stats
  • This quiz has been taken 40 times
  • The average score is 24 of 44
Answer Stats
Hint Answer % Correct
40 North Korea
89%
62 Democratic Republic of the Congo
83%
59 Republic of the Congo
83%
69 Mali
74%
69 Mauritania
74%
67 Burkina Faso
71%
48 South Sudan
71%
65 Chad
69%
49 Eritrea
69%
65 Gambia
69%
62 Guinea
69%
62 Benin
66%
61 Central African Republic
66%
54 Guinea-Bissau
66%
66 Libya
66%
62 Niger
66%
40 Somalia
66%
69 Sudan
66%
64 Yemen
63%
63 Eswatini
60%
59 Gabon
60%
53 Lesotho
60%
59 Papua New Guinea
60%
64 Togo
60%
67 Angola
57%
52 Equatorial Guinea
57%
66 Cuba
54%
58 Djibouti
54%
64 Liberia
54%
63 Sierra Leone
54%
69 Haiti
40%
36 Mauritius
40%
24 East Timor
37%
62 Myanmar
37%
66 Ivory Coast
34%
35 Palestine
31%
29 Bahrain
29%
69 Tajikistan
26%
58 Turkmenistan
26%
42 Cyprus
23%
67 Jamaica
17%
41 Singapore
17%
47 Trinidad and Tobago
14%
38 Puerto Rico
9%
No matching quizzes found
Score Distribution
Percent of People with Each Score
Percentile by Number Answered
Your Score History
You have not taken this quiz